000 00623nam a2200217Ia 4500
005 20260429112103.0
008 260429s9999||||xx |||||||||||||| ||und||
020 _a9788126941292
041 _aEnglish
082 _a658.3
_bSIN
100 _aSingh, Kuldeep
245 0 _aWinning on HR analytics :
_bleveraging data for competitive advantage /
_cKuldeep Singh
250 _a2nd rev. ed.
260 _aNew Delhi :
_bAtlantic Publishers and Distributors,
_c2025.
300 _axxii, 262 p.; pbk
650 _a Analytics
650 _a Management
650 _aHR
700 _a Soundararajan, Ramesh
942 _cTB
999 _c52281
_d52281